000 00284nam a2200109Ia 4500
008 200302s9999 xx 000 0 und d
100 _aKaufmann & Ben Raeburn
245 _aFrank Lioyd Wright: Writings and Buildings
260 _bPenguin Group Ltd.
260 _c1960
300 _a346 P.,
999 _c2355
_d2355